Statistiques concernant SUPER QUIZ DU VOLLEYBALL

Cliquez ici pour prendre le quiz!

Statistiques générales

  • Ce quiz a été pris 396 fois
  • Le résultat moyen est 7 sur 10

Statistiques - réponses

HintRéponse% Correct
Nombre de joueur dans un équipe de beachvolley2
99%
Pays vainqueur des jeux olympique de Tokyo (au volleyball bien sûr)France
90%
Position du passeur si le pointu est en poste 41
82%
Hauteur du filet pour une équipe senior féminine (en cm)224
65%
Le fils et le père en équipe de FranceTillie
61%
Défense avec la main au solCorse
56%
Timing d'attaque le plus rapide sur la ligne arrièrePipe
55%
Timing d'attaque le plus rapide au centreFixe
54%
Capitaine de l'équipe de France de volleyToniutti
53%
Une très belle réception dans un langage famillierPlateau
43%

Distribution des résultats

Percentile par nombre de réponses

% des personnes avec chaque résultat

Votre développement - résultats

Vous n’avez pas pris ce quiz